000 00602cam4a220021700 4500
001 tmp15733466
003 UPRA
005 20190809121304.0
008 951016q19701979xx eng u
035 _a(Sirsi) r17185
035 _a(UPRA)tmp15733466
040 _cUPRA
100 2 _aAlfa-Laval.
_6A75081.1
245 1 0 _aMilk production and processing.
260 _a[Tumba :
_bSandstrom & Soner,
_c197-]
500 _aCatalogued from cover.
650 0 _aMilk production.
_6S55858.1
650 0 _aDairy processing.
_6S26542.1
949 _aSF239
_wLC
_i-12545
_mVETMED
_tBOOK
_lON-SHELF
004 17185
999 _c3430
_d3430